Statistics for Funny or unusual basketball last names

Click here to take the quiz!

General Stats

  • This quiz has been taken 21 times
  • The average score is 7 of 23

Answer Stats

HintAnswer% Correct
TweetyBird|Larry Bird
75%
Luke SkyWalker|Antoine Walker
75%
A country next to Israel and IraqJordan|Michael Jordan
58%
Actor _______HopkinsAnthony|Carmelo Anthony
50%
His last name fits perfectly for a basketball playerBall|Lonzo Ball
50%
Not a taco but a TackoFall|Tacko Fall
50%
Take the _____ to Long IslandFerry|Danny Ferry
42%
PopePaul|Chris Paul
42%
The _____is right!Price|Mark Price|Brent Price
42%
Also Frank of the White Sox's last nameThomas|Isiah Thomas|Tim Thomas
33%
Really, he sucked so badly, he mostly shot______Blanks|Lance Blanks
17%
And talking of popes...Cardinal|Brian Cardinal
17%
SantiagoJames|Lebron James
17%
And talking about "Lonzo"s, there really isn't good ________Mourning|Alonzo Mourning
17%
You won't let your daughter______ her tonguePierce|Paul Pierce
17%
GoWest|Jerry West
17%
Para bailar laBamba
8%
Bing bing!Bell|Raja Bell
8%
Sing, tweety, sing!Birdsong|Otis Birdsong
8%
CourtChambers|Tom Chambers
8%
Don ____'s last nameKing|Bernard King
8%
A player named Chris, by his second year he was mostly ____ed and ____edWashburn|Chris Washburn
8%
You're not ______!Worthy|James Worthy
0%

Score Distribution

Percentile by Number Answered

Percent of People with Each Score

Your Score History

You have not taken this quiz